Mesiac eucharistie v Roku eucharistie aj vo svetle výročí

Bibliographic Details
Main Author: Dian, Daniel, 1953- (Author)
Format: Article
Language:Slovak
ISSN:0139-861X
Subjects:

MARC

LEADER 00000nab a2200000 a 4500
001 vtls008427717
003 SK-MaSNL
005 20260303070245.0
008 140328c2005 xo mr|p|||||||000 b|slo
015 |a SNBRB2006/02  |2 snkbucl 
038 |a SNKBUCL 
040 |a SNKBUCL  |b slo  |c SNKBUCL  |e AACR2 
041 0 |a slo 
044 |a xo  |c SK 
080 |a 265.3  |2 1997 
100 1 |a Dian, Daniel,  |d 1953-  |4 aut  |9 101588 
245 1 0 |a Mesiac eucharistie v Roku eucharistie aj vo svetle výročí  |c Daniel Dian 
611 2 7 |a Rok Eucharistie  |d 2005  |2 snkbucl  |9 1067454 
650 0 7 |a eucharistia  |2 snkbucl  |9 796 
773 0 |t Duchovný pastier  |g Roč. 86, č. 3 (2005), s. 115-120  |x 0139-861X 
852 |a SNK  |b KIS3GCP 
958 |a NT 
999 |c 1754551  |d 1756481